Načítá se...

Planetary magnetosphere: A review

Podrobná bibliografie
Hlavní autor: Pushpahasan A
Médium: Ph.D Thesis
Vydáno: Dept. of Physics, University of Kerala, Trivandrum 1982
Témata:
LEADER 00525nam a2200193 4500
020
082 |a THE-MSc82 28 
100 |a Pushpahasan A 
245 |a Planetary magnetosphere: A review 
250
260 |a Dept. of Physics, University of Kerala, Trivandrum  |c 1982 
300 |a 50 
490
500
590 |a VMV 
650 |a Dr.K.S.Viswanathan 
942 |c THES 
999 |c 81055  |d 81055 
952 |0 0  |1 0  |4 0  |6 THE_MSC82_28_000000000000000  |7 0  |9 94523  |a PHY  |b PHY  |l 0  |o THE-MSc82 28  |p PHY02736  |r 2019-09-24  |w 2019-09-24  |y THES